| 000 | 00717nam a22001937a 4500 | ||
|---|---|---|---|
| 003 | OSt | ||
| 005 | 20150316090355.0 | ||
| 008 | 150316b xxu||||| |||| 00| 0 eng d | ||
| 040 | _cBMC | ||
| 082 | _a891.7 | ||
| 245 | 1 | 0 |
_aGrandes escritores rusos _b : Púshkim, Gógol, Lérmontov, Goncharóv, Turguéniev, Korolenko, Chéjov, Búnin, Andréiev, Kuprín, Gorky _cEstudio preliminar por Pablo Schostakonsky ; Traducciones de Nina Maganov |
| 260 |
_aBuenos Aires [etc.] _bW. M. Jackson _c[1956] |
||
| 300 |
_aXXXI, 495 p. _c21 cm |
||
| 490 |
_aClásicos Jackson _vXVIII |
||
| 650 | 2 | 4 |
_930168 _aLiteratura rusa |
| 700 | 1 |
_932661 _aShostakovskiĭ, Pavel |
|
| 700 | 1 |
_932662 _aMaganov, Nina |
|
| 942 |
_2ddc _cBK _hahoj |
||
| 999 |
_c19584 _d19584 |
||